000 00638nam a2200181Ia 4500
003 GCL
008 140319s9999 xx 000 0 ara d
040 _aGCL /
_cGCL
082 0 4 _a257.2
_bم ف
100 1 _aمحمد ضيف الله بطاينة
245 1 0 _aفى تاريخ الحضارة العربية الاسلامية : الجزء الثانى الحياة الاقتصادية فى صدر الاسلام /
_cمحمد ضيف الله بطاينة
490 _a
650 0 4 _aالاقتصاد الاسلامى
650 0 4 _aالزكاة
650 0 4 _aالنظام المالى
650 0 4 _aالصدقات
942 _2ddc
_cBK
999 _c44776
_d44776